[Event "?"]
[Site "?"]
[Date "2004.03.27"]
[Round "7"]
[White "Yildiz, B."]
[Black "Tsiganova, M."]
[Result "0-1"]
[WhiteElo "2118"]
[BlackElo "2269"]
[PlyCount "112"]
[EventDate "2004.03.21"]

1. d4 Nf6 2. Bg5 d5 3. Bxf6 exf6 4. e3 c6 5. Bd3 Bd6 6. c3 O-O 7. Qc2 h6 8. Nd2
Re8 9. Ngf3 a5 10. a4 Nd7 11. O-O Nf8 12. Rfe1 Be6 13. e4 dxe4 14. Nxe4 Bc7 15.
Nc5 Bg4 16. Nd2 Qd6 17. Nf1 b6 18. Ne4 Qd7 19. Neg3 Rxe1 20. Rxe1 Be6 21. Ne3
g6 22. Rd1 Kg7 23. c4 Qd6 24. d5 cxd5 25. cxd5 Bd7 26. Bb5 Bd8 27. Ne4 Qb4 28.
Bxd7 Nxd7 29. d6 f5 30. Nc3 Bg5 31. Ned5 Qxd6 32. Nxb6 Qxb6 33. Rxd7 Qe6 34.
Rd1 Rd8 35. h3 Rd2 36. Rxd2 Qe1+ 37. Kh2 Bf4+ 38. g3 Bxd2 39. Kg2 h5 40. Qd3
Bg5 41. Qe2 Qc1 42. Nd5 Qc6 43. Qe5+ Kh7 44. h4 Bh6 45. Qd4 Bg7 46. Qd2 Qxa4
47. Kh2 Qb5 48. Nc3 Qc5 49. Na4 Qb5 50. Nc3 Qb3 51. Kg2 a4 52. Nd1 Bf6 53. Kf1
f4 54. gxf4 Qh3+ 55. Ke1 Be7 56. Qe2 Qe6 0-1

[Site "?"]
[Date "2004.03.28"]
[Round "8"]
[White "Tsiganova, M."]
[Black "Makka, I."]
[Result "0-1"]
[WhiteElo "2269"]
[BlackElo "2205"]
[PlyCount "134"]
[EventDate "2004.03.21"]

1. d4 d5 2. Bf4 Nf6 3. e3 c6 4. Bd3 Bg4 5. Nf3 e6 6. Nbd2 Bd6 7. Bg3 Bxg3 8.
hxg3 Nbd7 9. c4 e5 10. cxd5 Nxd5 11. Qb3 exd4 12. exd4 Bxf3 13. Nxf3 Qb6 14.
O-O-O Qxb3 15. Rde1+ Kf8 16. axb3 g6 17. Ne5 Rd8 18. Bb1 Kg7 19. f4 Nc7 20. g4
Ne6 21. f5 Nxd4 22. Nxd7 Nxb3+ 23. Kc2 Nd4+ 24. Kc1 Rxd7 25. Rh3 a5 26. Bd3 b5
27. Rf1 Rd6 28. fxg6 fxg6 29. Re3 Re6 30. Rxe6 Nxe6 31. Re1 Re8 32. Bb1 Nc7 33.
Rd1 Nd5 34. Ba2 Re5 35. Rd4 Kf6 36. Kd2 Ke7 37. Bb1 c5 38. Rd3 Nf4 39. Ra3 a4
40. g3 Ne6 41. Bd3 c4 42. Be2 Nd4 43. Bd1 Nb3+ 44. Kc3 Kd6 45. Kb4 Kc6 46. Bxb3
cxb3 47. Ra1 Kb6 48. Rh1 Re4+ 49. Kc3 Rxg4 50. Rxh7 Rxg3+ 51. Kb4 Rg4+ 52. Ka3
Rg1 53. Rh8 Rf1 54. Rb8+ Kc6 55. Kb4 Rf5 56. Rc8+ Kb7 57. Rg8 Rg5 58. Rf8 Kc7
59. Rf6 Kd7 60. Ra6 Ke7 61. Ra7+ Kf6 62. Rb7 Re5 63. Kc3 Kg5 64. Kd4 Rf5 65.
Ke4 a3 66. Rd7 a2 67. Rd1 Rf2 0-1

[Event "?"]
[Site "?"]
[Date "2004.03.27"]
[Round "7"]
[White "Sedina, E."]
[Black "Bashkite, V."]
[Result "1-0"]
[WhiteElo "2393"]
[BlackElo "2119"]
[PlyCount "46"]
[EventDate "2004.03.21"]

1. e4 e6 2. d4 d5 3. Nd2 dxe4 4. Nxe4 Nd7 5. Nf3 Be7 6. c3 Ngf6 7. Nxf6+ Bxf6
8. Bd3 e5 9. O-O exd4 10. Re1+ Be7 11. Bg5 f6 12. Nxd4 Nb6 13. Bxf6 gxf6 14.
Qh5+ Kf8 15. Qh6+ Kf7 16. Nf5 Bxf5 17. Bxf5 Qd6 18. Rad1 Qc5 19. Qh5+ Kf8 20.
b4 Qb5 21. Qh6+ Kf7 22. Rxe7+ Kxe7 23. Qg7+ Ke8 1-0

[Site "?"]
[Date "2004.03.28"]
[Round "8"]
[White "Bashkite, V."]
[Black "Olarasu, G."]
[Result "1/2-1/2"]
[WhiteElo "2119"]
[BlackElo "2311"]
[PlyCount "102"]
[EventDate "2004.03.21"]

1. e4 e5 2. Nf3 d6 3. d4 exd4 4. Nxd4 Nf6 5. Nc3 Be7 6. Bf4 O-O 7. Qd2 Nc6 8.
O-O-O Nxd4 9. Qxd4 Be6 10. Bc4 Nh5 11. Be3 Bxc4 12. Qxc4 Bg5 13. Nd5 Bxe3+ 14.
Nxe3 Re8 15. g4 Nf6 16. f3 Nd7 17. Qc3 Qg5 18. Kb1 Qc5 19. Qb3 Nb6 20. Nd5 Nxd5
21. Rxd5 Qc6 22. h4 b6 23. Rhd1 Re6 24. Qd3 Qe8 25. Qc4 Qe7 26. h5 a5 27. Qc6
Rd8 28. a4 Re5 29. R1d4 f6 30. Rc4 Rd7 31. Ka2 Kf7 32. f4 Rxd5 33. exd5 Qd8 34.
Re4 Re7 35. Re6 Rxe6 36. dxe6+ Kxe6 37. Qe4+ Kf7 38. Qxh7 Qd7 39. Qg6+ Kf8 40.
b3 Qe7 41. g5 fxg5 42. fxg5 Qf7 43. Qh7 c6 44. h6 gxh6 45. Qxh6+ Ke7 46. g6 Qf5
47. Qh4+ Kd7 48. Qh7+ Ke6 49. Qg8+ Kd7 50. Qg7+ Ke6 51. Qg8+ Kd7 1/2-1/2